Anno di nascita dei Poeti italiani - Statistics

Statistiche generali
  • Questo quiz è stato fatto 97 volte
  • Il punteggio medio è 9 su 15
Statistiche sulle risposte
Hint Risposta % Corretto
Dante Alighieri 1265
89%
Francesco Petrarca 1304
83%
Torquato Tasso 1544
73%
Guido Cavalcanti 1259
68%
Salvatore Quasimodo 1901
65%
Ludovico Ariosto 1474
59%
Giacomo Leopardi 1798
58%
Giosuè Carducci 1835
55%
Ugo Foscolo 1778
53%
Gabriele D'annunzio 1863
53%
Alessandro Manzoni 1785
50%
Filippo Tommaso Marinetti 1876
48%
Umberto Saba 1883
45%
Vittorio Alfieri 1749
41%
Giovanni Pascoli 1855
41%
Nessun quiz corrispondente trovato
Distribuzione punteggi
Percentuale di utenti per punteggio
Percentile per numero di risposta
I tuoi punteggi nel tempo
Non hai fatto questo quiz